• 首页
  • 本馆介绍
  • 公告通知
  • 最新文献
  • 馆藏检索
  • 电子资源
  • 读者导购
  • 参考咨询
  • 我的图书馆
  • 登录
  • 详细信息显示
  • 放入我的书架
  • 预约/预借图书
  • 作者相关作品
  • 分类相关作品
  • 丛书相关作品
  • 出版社相关作品

书目信息

  • 表格格式
  • 工作单格式
  • 卡片格式
题名:
苏联人同阿拉伯人关系史话
    
 
作者: 海卡尔 著 ;星灿 译
分册:  
出版信息: 北京   新华出版社  1979
页数: 242页
开本: 19cm
丛书名:
单 册:
中图分类: K411.5
科图分类:
主题词: 北非--历史 , 国际关系--苏联、阿拉伯国家--1955~1975
电子资源:
ISBN:
000 00869nam0 2200277 45
001 0179001456
005 20060819175308.51
010    @dCNY0.69
091    @a11203.002
100    @a19950714d1979 kemy0chiy0121 ea
101 1  @achi
102    @aCN@b110000
105    @ay z 000yy
200 10 @a苏联人同阿拉伯人关系史话@Asu lian ren tong a la bo ren guan xi shi hua@f(埃及)穆罕默德·哈·海卡尔著@g星灿译
210    @a北京@c新华出版社@d1979
215    @a242页@d19cm
606 0  @a北非@x历史
606    @a国际关系@y苏联、阿拉伯国家@z1955~1975
607    @a阿拉伯国家@x国际关系@x苏联@z1955~1975
607    @a苏联@x国际关系@x阿拉伯国家@z1955~1975
610 0  @a苏联人@a阿拉伯人
690    @aK411.5@v3
701  1 @a海卡尔@b穆罕默德·哈@Ahai ka er@4著
702  0 @a星灿@Axing can@4译
801  0 @aCN@bNLC@c20060819
905    @dK411.5@e1@f1@b67223@f1@b67221
    
    苏联人同阿拉伯人关系史话/(埃及)穆罕默德·哈·海卡尔著/星灿译.-北京:新华出版社,1979
    242页;19cm
    
    
    ISBN :CNY0.69
    
●
相关链接 在E读中查询图书 在五车中查询图书 在当当中查询图书 在豆瓣中查询图书


正题名:苏联人同阿拉伯人关系史话     索取号:K411.5/1         预约/预借

序号 登录号 条形码 馆藏地/架位号 状态 备注
1 0067221   001392040   第二样本阅览室/ [索取号:K411.5/1] 在馆    
2 0067222   001664416   密集书库/ [索取号:K411.5/1] 在馆    
3 0067223   001392031   第二借阅区/ [索取号:K411.5/1] 在馆    
4 0067224   001925956   密集书库/ [索取号:K411.5/1] 在馆    
5 0067225   001664372   密集书库/ [索取号:K411.5/1] 在馆    
6 0465990   204659903   密集书库/ [索取号:K411.5/1] 在馆    
7 0465991   204659912   密集书库/ [索取号:K411.5/1] 在馆    
8 0471218   204712187   密集书库/ [索取号:K411.5/1] 在馆    
唐山师范学院图书馆 欢迎您!
大连网信软件有限公司© 版权所有